000
00296nam a22001337a 4500
082
_a
425
_b
SHA/S
100
_a
SHARMA
100
_a
AGARWAL
245
_a
EVER- LATEST IDIOMS AND PHRASES
260
_a
AGRA
_b
SULABH PUBLICATIONS
300
_a
306
650
_a
IDIOMS & PHRASES
_z
AGRA
942
_c
BK
999
_c
3786
_d
3786